Vo VSŽ vyrobili niekoľko ton rádioaktívnej ocele

Bibliographic Details
Main Author: (as) (Author)
Corporate Author: Východoslovenské železiarne Holding (Košice, Slovensko) Oceľ (Author)
Format: Article
Language:Slovak
Subjects:

MARC

LEADER 00000nab a2200000 a 4500
001 vtls000922606
003 SK-MaSNL
005 20260303034633.0
008 040720e19980721xo 0 slo
035 |a KE31483 
040 |a KEVKJB  |b slo  |c KEVKJB  |e AACR2 
041 0 |a slo 
044 |a xo  |c SK 
080 |a 669.1  |2 1981 
100 0 |a (as)  |4 aut  |9 840263 
245 1 0 |a Vo VSŽ vyrobili niekoľko ton rádioaktívnej ocele 
610 2 7 |a Východoslovenské železiarne Holding (Košice, Slovensko)  |b Oceľ  |2 KEVKJB  |9 31320 
650 0 7 |a oceľ radioaktívna  |2 KEVKJB  |9 1020284 
650 0 7 |a výroba  |2 KEVKJB  |9 15916 
650 0 7 |a opatrenia  |2 KEVKJB  |9 373813 
650 0 7 |a informácie  |2 KEVKJB  |9 1285 
651 7 |a KE,  |2 KEVKJB  |9 877256 
655 7 |a periodikum  |2 snkbucl  |9 29553 
710 2 |a Východoslovenské železiarne Holding (Košice, Slovensko)  |b Oceľ  |4 aut  |9 31320 
773 0 8 |t Sme  |g Roč. 6, č.167, 21.7.1998, s. 3 
852 |a ZVYKNI  |b KIS3GCP 
999 |c 1674246  |d 1676176